Сопротивление материалов. Практикум по решению задач: учебное пособие

Bibliografische gegevens
Hoofdauteur: Подскребко М. Д. Михаил Данилович
Samenvatting:Содержит материал по всем основным разделам курса «сопротивление материалов». В начале каждого раздела кратко приводятся основные положения теории и перечень формул, необходимых для решения задач, рассматриваемых в данной главе. Предлагаемые примеры сопровождаются подробными пояснениями общего метода решения, разбором различных приемов, способствующих развитию инженерного мышления. В конце каждой главы приводятся вопросы и задания для самоконтроля. Содержит все необходимые для расчетов справочные материалы. Для студентов инженерных специальностей вузов. Будет полезно преподавателям вузов и колледжей, инженерам-механикам.
Taal:Russisch
Gepubliceerd in: Минск, Вышэйшая школа, 2009
Reeks:Для студентов вузов
Onderwerpen:
Formaat: MixedMaterials Boek
KOHA link:https://koha.lib.tpu.ru/cgi-bin/koha/opac-detail.pl?biblionumber=180693

MARC

LEADER 00000nam0a2200000 4500
001 180693
005 20231101223551.0
010 |a 9789850614582 
035 |a (RuTPU)RU\TPU\book\195877 
090 |a 180693 
100 |a 20100524d2009 m y0rusy50 ca 
101 0 |a rus 
102 |a BY 
105 |a a j 001zy 
200 1 |a Сопротивление материалов. Практикум по решению задач  |e учебное пособие  |f М. Д. Подскребко 
210 |a Минск  |c Вышэйшая школа  |d 2009 
215 |a 688 с.  |c ил. 
225 1 |a Для студентов вузов 
320 |a Библиогр.: с. 687. 
330 |a Содержит материал по всем основным разделам курса «сопротивление материалов». В начале каждого раздела кратко приводятся основные положения теории и перечень формул, необходимых для решения задач, рассматриваемых в данной главе. Предлагаемые примеры сопровождаются подробными пояснениями общего метода решения, разбором различных приемов, способствующих развитию инженерного мышления. В конце каждой главы приводятся вопросы и задания для самоконтроля. Содержит все необходимые для расчетов справочные материалы. Для студентов инженерных специальностей вузов. Будет полезно преподавателям вузов и колледжей, инженерам-механикам. 
606 1 |a Сопротивление материалов  |2 stltpush  |3 (RuTPU)RU\TPU\subj\55554  |9 73567 
610 1 |a задачи 
610 1 |a решение 
610 1 |a напряженное состояние 
610 1 |a деформированное состояние 
610 1 |a прочность 
610 1 |a плоские сечения 
610 1 |a растяжение 
610 1 |a сжатие 
610 1 |a кручение 
610 1 |a статически неопределимые системы 
610 1 |a заклепочные соединения 
610 1 |a сварные соединения 
610 1 |a изгиб 
610 1 |a брус 
610 1 |a сложное нагружение 
610 1 |a стержневые системы 
610 1 |a переменные напряжения 
610 1 |a динамическое нагружение 
610 1 |a прямые стержни 
610 1 |a тонкостепенные оболочки вращения 
610 1 |a толстостенные цилиндры 
610 1 |a линейные упругие системы 
610 1 |a практикумы 
610 1 |a учебные пособия 
675 |a 539.3/.6(076.5)  |v 3 
700 1 |a Подскребко  |b М. Д.  |g Михаил Данилович 
801 1 |a RU  |b 63413507  |c 20100524 
801 2 |a RU  |b 63413507  |c 20150707  |g RCR 
942 |c BK 
959 |a 32/20100520  |d 2  |e 702,90  |f АНЛ:1  |f ЧЗТЛ:1